The Development of reading skills /

Focusing on how children learn to read in a language they have previously only spoken, this book illustrates the skill theory of reading development, which encompasses both new perceptual processes and modified but familiar integrative cognitive processes of language comprehension. The chapters disc...

Full description

Bibliographic Details
Other Authors: Carr, Thomas H. (Editor)
Format: Book
Language:English
Published: San Francisco : Jossey-Bass, ©1985.
Series:New directions for child development ; no. 27.
Jossey-Bass social and behavioral science series.
Subjects:
Online Access:http://www3.interscience.wiley.com/journal/112418930/issue

MARC

Tag First Indicator Second Indicator Subfields
LEADER 00000cam a2200000 a 4500
001 in00000029976
005 20240625164109.0
008 851212s1985 caua b 001 0 eng
010 |a  84080838  
016 7 |a 8600105  |2 DNLM 
016 7 |a 005718122  |2 Uk 
016 7 |a 009614160  |2 Uk 
019 |a 11913075  |a 59248335 
020 |a 9780875897943  |q (pbk.) 
020 |a 0875897940  |q (pbk.) 
029 0 |a NLM  |b 8600105 
029 1 |a AU@  |b 000003905152 
029 1 |a GEBAY  |b 539886 
029 1 |a HEBIS  |b 030894956 
029 1 |a NZ1  |b 3079658 
029 1 |a UKMGB  |b 005718122 
029 1 |a UKMGB  |b 009614160 
029 1 |a ZWZ  |b 026304058 
035 |a (OCoLC)ocm12969713  
035 |a (OCoLC)12969713  |z (OCoLC)11913075  |z (OCoLC)59248335 
035 |a (OCoLC)ocm12969713  
040 |a NLM  |b eng  |c NLM  |d NIE  |d CLU  |d UMC  |d FIL  |d YBM  |d NLGGC  |d LVB  |d CGC  |d YDXCP  |d DRB  |d AU@  |d CS1  |d GEBAY  |d BDX  |d OKN  |d OCLCF  |d OCLCQ  |d OCLCO  |d OCLCQ  |d SGB  |d OCLCA  |d UKMGB  |d OCLCQ  |d OCLCO  |d BUF  |d OCLCO  |d OCLCA  |d OCLCO  |d OKS  |d OCLCO  |d DCHUA  |d OCLCO  |d OCL  |d OCLCQ  |d NKM  |d OCLCQ  |d OCLCO  |d YBM  |d IPL  |d OCLCQ  |d OCLCL  |d OCLCQ  |d NUI  |d OCLCQ 
050 4 |a LB1050  |b .D47 1985 
060 0 0 |a W1  |b NE374DR no.27 1985 
060 1 0 |a BF 456.R2  |b D489 1985 
082 0 4 |a 428.43  |2 19 
245 0 4 |a The Development of reading skills /  |c Thomas H. Carr, editor. 
260 |a San Francisco :  |b Jossey-Bass,  |c ©1985. 
300 |a 135 pages :  |b illustrations 
336 |a text  |b txt  |2 rdacontent 
337 |a unmediated  |b n  |2 rdamedia 
338 |a volume  |b nc  |2 rdacarrier 
490 1 |a New directions for child development,  |x 0195-2269 ;  |v no. 27 (Mar. 1985) 
500 |a "Paperback sourcebooks in the Jossey-Bass social and behavioral sciences series." 
504 |a Includes bibliographical references and index. 
505 0 0 |t Phonemic analysis, spelling, and reading /  |r Rebecca Treiman --  |t Literacy background and reading development in a second language /  |r Tracy L. Brown, Margot Haynes --  |t Knowing words and understanding texts /  |r Richard C. Omanson --  |t Discourse structure and mental models /  |r J. Kathryn Bock, William F. Brewer --  |t Impact of classroom activities on beginning reading development /  |r Mary Ann Evans --  |t Using component skills analysis to integrate findings on reading development /  |r Thomas H. Carr, Tracy L. Brown, Linda G. Vavrus --  |t Bridging the gap between theory and practice in reading /  |r Dale M. Willows --  |t Resources on reading /  |r Thomas H. Carr. 
520 |a Focusing on how children learn to read in a language they have previously only spoken, this book illustrates the skill theory of reading development, which encompasses both new perceptual processes and modified but familiar integrative cognitive processes of language comprehension. The chapters discuss the following aspects of learning to read: (1) phonemic analysis, spelling, and reading; (2) literacy background and reading development in a second language; (3) knowing words and understanding texts; (4) discourse structure and mental models; (5) the impact of classroom activities on beginning reading development; (6) using component skills analysis to integrate findings on reading development; and (7) bridging the gap between theory and practice in reading. The final chapter lists several journals that publish high quality research on reading and a number of books that provide systematic introduction to the area of reading. (Hth). 
540 |a Current copyright fee: GBP28.00  |c 35 0.  |5 Uk 
650 0 |a Reading. 
650 0 |a Language acquisition. 
650 2 |a Language Development 
650 2 |a Reading 
650 6 |a Lecture (Enseignement primaire) 
650 6 |a Lecture. 
650 6 |a Langage  |x Acquisition. 
650 7 |a Language acquisition  |2 fast 
650 7 |a Reading  |2 fast 
650 7 |a Lesenlernen  |2 gnd 
650 7 |a Aufsatzsammlung  |2 gnd 
650 1 7 |a Leerprocessen.  |2 gtt 
650 1 7 |a Lezen.  |2 gtt 
650 7 |a Lecture (Psychologie)  |2 ram 
650 7 |a Lecture  |x Développement.  |2 ram 
700 1 |a Carr, Thomas H.,  |e editor. 
758 |i has work:  |a The Development of reading skills (Text)  |1 https://id.oclc.org/worldcat/entity/E39PCGxhjbcvBxJcrPyfqGxppq  |4 https://id.oclc.org/worldcat/ontology/hasWork 
776 0 8 |i Online version:  |t Development of reading skills.  |d San Francisco : Jossey-Bass, ©1985  |w (OCoLC)566246331 
830 0 |a New directions for child development ;  |v no. 27. 
830 0 |a Jossey-Bass social and behavioral science series. 
856 4 1 |u http://www3.interscience.wiley.com/journal/112418930/issue  |t 0 
938 |a Brodart  |b BROD  |n 35553715  |c $15.95 
938 |a YBP Library Services  |b YANK  |n 924047 
948 |h HELD BY TXA - 295 OTHER HOLDINGS 
994 |a Z0  |b TXA 
999 f f |s ccc5c21d-ab5f-313a-b091-fc03843917a0  |i e921bb9a-5597-36ef-8100-7838ff7081b9  |t 0 
952 f f |p ric  |a Texas A&M University  |b Rellis Campus  |c Joint Library Facility  |s JLF  |d Remote Storage  |t 0  |e BF721 .N49 no. 27  |h Library of Congress classification  |i unmediated -- volume  |m A14811031867